00508 a2200169 450000100060000002000150000604000220002110000240004324000520006724500470011930000080016636200090017465000220018394200070020595201090021299900170032161010 a8585653337 cAnchieta - Pituba aSilva, Zina Bellodi10aAntologia escolar de literatura brasileiralpor10aAntologia escolar de literatura brasileira a4060 a1998 4aPoesia brasileira cBK 00104070a91.1b91.1d2023-11-21l0o869.91 A634a ANTp12876/PITr2023-11-21 18:29:08w2023-11-21yBK c61010d61010